Länder, die Bahrain am nächsten liegen - Statistiken

Allgemein
  • Dieses Quiz wurde 137 mal gespielt
  • Das Durchschnittsergebnis liegt bei 17 aus 20
Antwortstatistiken
km Land % Korrekt
771 Jemen
98%
1 Katar
98%
0 Saudi-Arabien
98%
158 Vereinigte Arabische Emirate
98%
191 Iran
97%
448 Irak
96%
509 Oman
95%
322 Kuwait
90%
1269 Jordanien
89%
1088 Pakistan
89%
1449 Ägypten
87%
1283 Syrien
87%
1077 Afghanistan
84%
1325 Türkei
80%
1447 Armenien
75%
1513 Eritrea
74%
1356 Aserbaidschan
73%
1513 Somalia
73%
1264 Turkmenistan
68%
1449 Sudan
65%
Keine übereinstimmenden Quizze gefunden
Verteilung der Resultate
Anzahl Personen mit jedem Resultat
Perzentil nach korrekt beantworteten Fragen
Ihre Resultats-Entwicklung
Sie haben dieses Quiz noch nicht gespielt